00426nam a2200157Ia 4500001000500000005001700005008004100022041000800063082001500071100003100086245009800117260000900215300002800224650000800252654000800260272820260306144828.0260306t2013||||xx |||||||||||||| ||spa|| aESP a219.3bC28 aCardó Soria, DanieleAUT 0aLa fe en el pensamiento de Joseph Ratzinger:bun estudio desde introducción al cristianismo c2013 a105 páginas :c22 cm. aGEN aCHU